Amerykańskie miasta - nagła śmierć - Statystyki

Ogólne statystyki
  • Ten quiz został rozwiązany 360 razy
  • Średni wynik to 10 z 14
Answers on the Grid
Answers color-coded by a green-red scale on the quiz's grid according to % correct below.
Nowy Jork
Ottawa
Los Angeles
Liverpool
San Francisco
Nottingham
Chicago
Dublin
Guadalajara
Las Vegas
Marsylia
San Antonio
Vancouver
Edynburg
Montreal
Miami
Houston
Londyn
Seattle
Dallas
Bristol
Atlanta
Leicester
Denver
Toronto
Boston
Birmingham
Detroit
 
Statystyki odpowiedzi
Odpowiedź % Poprawnych
Nowy Jork
99%
San Francisco
83%
Chicago
82%
Los Angeles
81%
Las Vegas
80%
Miami
72%
Boston
67%
San Antonio
67%
Houston
66%
Atlanta
65%
Seattle
65%
Dallas
64%
Detroit
64%
Denver
61%
Nie znaleziono quizów pasujących do podanych kryteriów
Rozkład punktacji
Procent ludzi z każdym wynikiem
Percentyl według liczby udzielonych odpowiedzi
Twoja historia wyników
Nie rozwiązałeś tego quizu